[Event "European Blitz 2015"]
[Site "Minsk BLR"]
[Date "2015.12.18"]
[Round "16.43"]
[White "Pankov, German"]
[Black "Filipets, Egor"]
[Result "1-0"]
[WhiteTitle "IM"]
[WhiteElo "2404"]
[BlackElo "2247"]
[WhiteFideId "4174569"]
[BlackFideId "13503928"]
[EventDate "2015.12.18"]
[EventType "swiss (blitz)"]

1. d4 g6 2. Nf3 Bg7 3. c4 d6 4. e4 e5 5. Be2 Nc6 6. dxe5 dxe5 7. Qxd8+ Nxd8 8.
Nc3 c6 9. Be3 Bg4 10. h3 Bxf3 11. Bxf3 Ne6 12. O-O-O Ne7 13. Ne2 b6 14. Bg4 f5
15. exf5 gxf5 16. Bh5+ Ng6 17. Rd6 Ke7 18. Rhd1 f4 19. Rd7+ Kf6 20. Nc3 fxe3 21.
Ne4+ Kf5 22. Rf7+ 1-0

[Event "European Blitz 2015"]
[Site "Minsk BLR"]
[Date "2015.12.18"]
[Round "16.44"]
[White "Egorov, Daniil"]
[Black "Potapov, Pavel"]
[Result "1/2-1/2"]
[BlackTitle "IM"]
[WhiteElo "2089"]
[BlackElo "2476"]
[WhiteFideId "24171956"]
[BlackFideId "4169786"]
[EventDate "2015.12.18"]
[EventType "swiss (blitz)"]

1. e4 d5 2. exd5 Qxd5 3. Nc3 Qd6 4. d4 Nf6 5. Nf3 g6 6. g3 Bg7 7. Bg2 Qa6 8. Qe2
O-O 9. O-O Qxe2 10. Nxe2 Bf5 11. c3 Be4 12. Bf4 c6 13. Rfe1 Nbd7 14. Nc1 a5 15.
Nd2 Bxg2 16. Kxg2 Nd5 17. Nd3 Rfe8 18. Nc4 a4 19. a3 b5 20. Ne3 Nxf4+ 21. Nxf4
e5 22. dxe5 Nxe5 23. Rad1 Rad8 24. h4 h5 25. Rxd8 Rxd8 26. Rd1 Rxd1 27. Nxd1 Bh6
28. Ne2 c5 29. f4 Nc4 30. Kf3 f5 31. Nc1 Kf7 32. Nd3 Bf8 33. Ne3 Nd2+ 34. Kg2
Bd6 35. Nd5 Ke6 36. Ne3 c4 37. Ne1 Bc5 38. N1c2 Nb3 39. Kf3 Nc1 40. Kg2 Nd3 41.
Nd1 Kd5 42. Kf3 Kd6 43. Kg2 Ke6 44. Kf3 Kd5 45. Nde3+ Bxe3 46. Nxe3+ Kd6 47. Nd1
Kc5 48. Ke3 Kd5 49. Kf3 Nc5 50. Ne3+ Ke6 51. Nd1 Ne4 52. Nf2 Nd2+ 53. Ke2 Nb3
54. Nd1 Kd5 55. Kf3 Nc5 56. Ne3+ Kd6 57. Nd1 Ne4 58. Nf2 Nf6 59. Nd1 Nd5 60. Ne3
Nxe3 61. Kxe3 Kc5 62. Kf3 Kd5 63. Ke3 Kc5 1/2-1/2

[Event "European Blitz 2015"]
[Site "Minsk BLR"]
[Date "2015.12.18"]
[Round "16.45"]
[White "Demidov, Mikhail"]
[Black "Savenkov, Konstantin"]
[Result "1-0"]
[WhiteTitle "IM"]
[BlackTitle "FM"]
[WhiteElo "2485"]
[BlackElo "2325"]
[WhiteFideId "4197143"]
[BlackFideId "4138600"]
[EventDate "2015.12.18"]
[EventType "swiss (blitz)"]

1. d4 Nf6 2. Nf3 g6 3. g3 Bg7 4. Bg2 O-O 5. b3 d5 6. O-O a5 7. c4 a4 8. Bb2 Nc6
9. Nbd2 a3 10. Bc3 Ne4 11. Nxe4 dxe4 12. Ne5 Nxe5 13. dxe5 Bf5 14. Qc1 b5 15.
cxb5 Qd5 16. Qf4 Qxb5 17. Bxe4 Bxe4 18. Qxe4 Ra6 19. Rac1 c5 20. Rfd1 Rc6 21.
Ba1 Rfc8 22. Rc4 h5 23. Bc3 Re6 24. f4 Rec6 25. h3 Re6 26. Rd3 Qb6 27. Kg2 Rec6
28. g4 hxg4 29. hxg4 f6 30. exf6 exf6 31. Qxg6 Re6 32. e4 Qc6 33. Kf3 Rce8 34.
Qf5 Rc8 35. Rd5 Rce8 36. Rd3 Qb5 37. Qd5 Qb8 38. Rd2 Qc7 39. f5 1-0

[Event "European Blitz 2015"]
[Site "Minsk BLR"]
[Date "2015.12.18"]
[Round "16.46"]
[White "Sivuk, Vitaly"]
[Black "Lojko, Alexej"]
[Result "0-1"]
[WhiteTitle "GM"]
[WhiteElo "2552"]
[BlackElo "2214"]
[WhiteFideId "14116502"]
[BlackFideId "24146200"]
[EventDate "2015.12.18"]
[EventType "swiss (blitz)"]

1. d4 d5 2. c4 e6 3. Nf3 c5 4. cxd5 exd5 5. g3 Nc6 6. Bg2 Nf6 7. O-O cxd4 8.
Nxd4 Be7 9. b3 O-O 10. Bb2 Re8 11. Nd2 Bg4 12. N2f3 Rc8 13. h3 Be6 14. Rc1 Bd6
15. e3 Qd7 16. Kh2 Ne4 17. Nxe6 fxe6 18. Nd4 Nf6 19. Qe2 e5 20. Nb5 Bb8 21. Rfd1
Qe6 22. Nc3 Rcd8 23. Rd2 e4 24. Nb5 Nb4 25. Nd4 Qd7 26. Ba3 Nd3 27. Rcd1 Qf7 28.
Kg1 a6 29. Nc2 Qe6 30. Ne1 Ne5 31. Bb2 Rd7 32. Rc2 Red8 33. Rdd2 Bd6 34. Qd1 Bb4
35. Bc3 Be7 36. Bxe5 Qxe5 37. Rd4 a5 38. Re2 Bc5 39. Rdd2 b6 40. Nc2 Rc8 41. Nd4
Rdc7 42. Rc2 Qe8 43. Nf5 Qd7 44. Nd4 Bxd4 45. Rxc7 Qxc7 46. Qxd4 Qc1+ 47. Kh2
Qc5 48. Qe5 Re8 49. Qf5 d4 50. Qxc5 bxc5 51. Rc2 d3 52. Rxc5 d2 0-1

[Event "European Blitz 2015"]
[Site "Minsk BLR"]
[Date "2015.12.18"]
[Round "16.47"]
[White "Molchanova, Tatjana"]
[Black "Shkapenko, Pavel"]
[Result "1/2-1/2"]
[WhiteTitle "WGM"]
[BlackTitle "IM"]
[WhiteElo "2245"]
[BlackElo "2407"]
[WhiteFideId "4132203"]
[BlackFideId "4151933"]
[EventDate "2015.12.18"]
[EventType "swiss (blitz)"]

1. e4 Nf6 2. d3 e5 3. Nc3 d5 4. exd5 Nxd5 5. Nxd5 Qxd5 6. Qf3 Qd6 7. Bd2 Nc6 8.
Ne2 Be6 9. a3 O-O-O 10. g3 Bd5 11. Qg4+ Kb8 12. Rg1 h5 13. Qa4 g6 14. O-O-O Bg7
15. Nc3 Bf3 16. Re1 Nd4 17. Nb5 Qb6 18. Nxd4 Rxd4 19. Qa5 Qc6 20. Qc3 Qd7 21.
Be3 Rd6 22. Be2 Bxe2 23. Rxe2 Rd8 24. Rge1 Rc6 25. Qb3 b6 26. Bd2 Qxd3 27. Qxd3
Rxd3 28. Bc3 Rdxc3 29. bxc3 Rxc3 30. Rd1 Kc8 31. Rd3 Rxd3 32. cxd3 Kd7 33. Kc2
Kd6 34. f4 exf4 35. gxf4 Bh6 36. Re4 c5 37. a4 f5 38. Rc4 a6 39. d4 Kd5 40. Kd3
h4 41. dxc5 bxc5 42. h3 Kd6 43. a5 Kc6 44. Rc1 Bxf4 45. Re1 g5 46. Kc4 Bd6 47.
Re6 g4 48. hxg4 fxg4 49. Re4 h3 50. Rxg4 h2 51. Rh4 Bc7 52. Rh6+ Kb7 53. Kxc5
Bxa5 54. Rxh2 Bb6+ 1/2-1/2

[Event "European Blitz 2015"]
[Site "Minsk BLR"]
[Date "2015.12.18"]
[Round "16.48"]
[White "Antonov, Alexandr2"]
[Black "Bodnaruk, Anastasia"]
[Result "1-0"]
[BlackTitle "IM"]
[WhiteElo "2098"]
[BlackElo "2456"]
[WhiteFideId "24124079"]
[BlackFideId "4181751"]
[EventDate "2015.12.18"]
[EventType "swiss (blitz)"]

1. e4 c5 2. Nf3 d6 3. c3 Nf6 4. Bd3 Bd7 5. O-O Bc6 6. Re1 g6 7. Bc2 Bg7 8. d4
cxd4 9. cxd4 d5 10. e5 Ne4 11. Nc3 Nxc3 12. bxc3 O-O 13. e6 f6 14. Nh4 Be8 15.
Qg4 Nc6 16. Re3 f5 17. Qh3 Rc8 18. Nf3 Nxd4 19. Nxd4 Bxd4 20. cxd4 Rxc2 21. Ba3
Qb6 22. Rd1 Ba4 23. Bxe7 Re8 24. Qh4 Rc7 25. Bc5 Qc6 26. Rde1 b6 27. Ba3 Bc2 28.
e7 Rd7 29. Rh3 h5 30. Rg3 Be4 31. Qxh5 Kg7 32. Qg5 Qf6 33. Qf4 Rdxe7 34. Bxe7
Rxe7 35. Rh3 g5 36. Qb8 g4 37. Qh8+ Kf7 38. Rh7+ Ke6 39. Rh6 1-0

[Event "European Blitz 2015"]
[Site "Minsk BLR"]
[Date "2015.12.18"]
[Round "16.49"]
[White "Ivanov, Alexander Al."]
[Black "Khoroshilov, Nikita"]
[Result "0-1"]
[WhiteTitle "GM"]
[WhiteElo "2397"]
[BlackElo "2294"]
[WhiteFideId "4126360"]
[BlackFideId "24145122"]
[EventDate "2015.12.18"]
[EventType "swiss (blitz)"]

1. e4 g6 2. f4 Bg7 3. Nf3 d6 4. h4 Nf6 5. Nc3 Bg4 6. Be2 c6 7. d4 O-O 8. e5 dxe5
9. fxe5 Nd5 10. Ne4 f6 11. c4 Nc7 12. exf6 exf6 13. O-O Re8 14. Nf2 Bxf3 15.
Bxf3 f5 16. d5 Qxh4 17. Qb3 Be5 18. Re1 Nd7 19. Be3 f4 20. Bd2 Bd4 21. Rxe8+
Rxe8 22. Rf1 Re3 23. Qd1 Ne5 24. d6 0-1

[Event "European Blitz 2015"]
[Site "Minsk BLR"]
[Date "2015.12.18"]
[Round "17.1"]
[White "Riazantsev, Alexander"]
[Black "Zhigalko, Sergei"]
[Result "1-0"]
[WhiteTitle "GM"]
[BlackTitle "GM"]
[WhiteElo "2646"]
[BlackElo "2655"]
[WhiteFideId "4125029"]
[BlackFideId "13502956"]
[EventDate "2015.12.18"]
[EventType "swiss (blitz)"]

1. d4 d5 2. c4 e6 3. Nf3 c6 4. Nbd2 f5 5. g3 Nd7 6. Bg2 Bd6 7. O-O Ngf6 8. Ne1
O-O 9. Nd3 Qe7 10. Qc2 Ne4 11. Rb1 a5 12. Nf3 b6 13. Bf4 Ba6 14. Bxd6 Qxd6 15.
cxd5 cxd5 16. Rfc1 Rac8 17. Qd1 h6 18. Nfe5 Bxd3 19. Nxd3 Rc4 20. e3 Rfc8 21.
Bf1 R4c7 22. Rxc7 Rxc7 23. Rc1 Kh7 24. Rc2 Nef6 25. Qc1 Ne8 26. a3 Rxc2 27. Qxc2
Qc7 28. Qa4 Nd6 29. Nf4 Nf8 30. Qd1 g6 31. h4 Kg7 32. Kg2 Kf7 33. Be2 Nd7 34.
Nd3 Ne4 35. Nf4 Nd6 36. Bf1 Ne4 37. Bb5 Nf8 38. Nd3 Nd6 39. Ne5+ Kg7 40. Qb3 Nf7
41. Nd3 Nd6 42. Ne5 Nf7 43. Nc6 Nd6 44. Ne5 Nf7 45. Nd3 Nd6 46. Nf4 Kf7 47. Qa4
Qb7 48. Nd3 Qc7 49. Ne5+ Kg7 50. Bc6 Nf7 51. Nd3 Nd6 52. Ne5 Nf7 53. Nd3 Nd6 54.
b4 axb4 55. axb4 g5 56. hxg5 hxg5 57. b5 Ng6 58. Qa8 Ne4 59. Qe8 Qe7 60. Qb8 Qf7
61. Qxb6 f4 62. Qb7 f3+ 63. Kg1 Ne7 64. Ne5 Qf5 65. Qxe7+ 1-0

[Event "European Blitz 2015"]
[Site "Minsk BLR"]
[Date "2015.12.18"]
[Round "17.3"]
[White "Mamedov, Rauf"]
[Black "Melkumyan, Hrant"]
[Result "1/2-1/2"]
[WhiteTitle "GM"]
[BlackTitle "GM"]
[WhiteElo "2650"]
[BlackElo "2654"]
[WhiteFideId "13401653"]
[BlackFideId "13302485"]
[EventDate "2015.12.18"]
[EventType "swiss (blitz)"]

1. e4 e5 2. Nc3 Nc6 3. g3 Bc5 4. Bg2 a6 5. d3 Nge7 6. Be3 Bxe3 7. fxe3 d6 8. Nf3
O-O 9. O-O Bg4 10. Qd2 Qd7 11. Nh4 Be6 12. Nd5 Rae8 13. c4 Kh8 14. Rf2 f6 15.
Raf1 Nd8 16. Nc3 c6 17. Nf5 Bxf5 18. exf5 d5 19. e4 dxc4 20. dxc4 Qd4 21. Qxd4
exd4 22. Na4 Nf7 23. Rd2 Rd8 24. Nc5 Ne5 25. b3 b6 26. Nxa6 c5 27. Nc7 Rd7 28.
Ne6 Ra8 29. Nf4 Rda7 30. Rff2 N7c6 31. Nd5 Rb8 32. h3 Kg8 33. Bf1 Kf8 34. Kg2
Ne7 35. Nf4 N7c6 36. g4 Nb4 37. Kg3 Rba8 38. Nd5 Nxd5 39. exd5 Ke7 40. a4 Kd6
41. Rfe2 Re7 42. Re4 Rae8 43. Rd1 h6 44. Ra1 Ra8 45. Rae1 Ree8 46. h4 Rh8 47.
Kf4 Rae8 48. Kg3 Ra8 49. Kf4 Rae8 50. Kg3 Re7 51. Kf2 Rhe8 52. Kg3 Rh8 53. Ra1
Ra8 54. Rae1 Ree8 55. Kf4 Re7 56. Kg3 Rae8 57. Ra1 Ra8 58. Rae1 1/2-1/2

[Event "European Blitz 2015"]
[Site "Minsk BLR"]
[Date "2015.12.18"]
[Round "17.4"]
[White "Savchenko, Boris"]
[Black "Ragger, Markus"]
[Result "1/2-1/2"]
[WhiteTitle "GM"]
[BlackTitle "GM"]
[WhiteElo "2612"]
[BlackElo "2687"]
[WhiteFideId "4147332"]
[BlackFideId "1610856"]
[EventDate "2015.12.18"]
[EventType "swiss (blitz)"]

1. e4 e5 2. Nf3 Nc6 3. Bb5 a6 4. Ba4 Nf6 5. O-O Be7 6. Re1 b5 7. Bb3 O-O 8. c3
Na5 9. Bc2 d5 10. exd5 e4 11. Bxe4 Nxe4 12. Rxe4 Bb7 13. d3 Bxd5 14. Re1 Re8 15.
Nbd2 c5 16. Ne4 f6 17. Be3 Rc8 18. b3 c4 19. bxc4 bxc4 20. Bd4 Bf8 21. Ng3 Rxe1+
22. Nxe1 Nc6 23. Be3 cxd3 24. Nxd3 Bc4 25. Nf4 Qxd1+ 26. Rxd1 Bxa2 27. Ne4 Ne5
28. Bd4 Ng6 29. Nd3 Bc4 30. Nb2 Bd5 31. f3 Nf4 32. Kf2 Rb8 33. c4 Bxe4 34. fxe4
Ne6 35. Bc3 Rb3 36. Na4 Ra3 37. Ra1 Bc5+ 38. Nxc5 Rxa1 39. Nxe6 Rc1 40. Bd2 Rxc4
41. Ke3 h5 42. h4 Ra4 43. Nf4 Ra3+ 44. Kd4 Rg3 45. Be1 Rg4 46. g3 Kf7 47. Ke3 g5
48. hxg5 Rxg5 49. Kf3 Rb5 50. Ke3 a5 51. Kd4 a4 52. Kc4 Re5 53. Kd3 a3 54. Bc3
a2 55. Kc4 Rxe4+ 56. Kd3 Rb4 57. Kd2 Rb1 58. Nxh5 a1=Q 59. Bxa1 Rxa1 60. Ke3 Kg6
61. Nf4+ Kg5 62. Nd5 f5 63. Kf2 Ra2+ 64. Kf3 Ra3+ 65. Ne3 Kf6 66. g4 fxg4+ 67.
Kf4 g3 68. Ng2 Kg6 69. Kg4 Rd3 70. Nf4+ Kf6 71. Ng2 Ke5 72. Nh4 Ke4 73. Ng2 Kd4
74. Kf4 Kc3 75. Ne3 Kd2 76. Nf1+ Ke2 77. Nxg3+ Kf2 78. Ne4+ 1/2-1/2

[Event "European Blitz 2015"]
[Site "Minsk BLR"]
[Date "2015.12.18"]
[Round "17.6"]
[White "Rozum, Ivan"]
[Black "Guseinov, Gadir"]
[Result "1-0"]
[WhiteTitle "GM"]
[BlackTitle "GM"]
[WhiteElo "2559"]
[BlackElo "2646"]
[WhiteFideId "24104272"]
[BlackFideId "13401378"]
[EventDate "2015.12.18"]
[EventType "swiss (blitz)"]

1. d4 Nf6 2. c4 g6 3. g3 Bg7 4. Bg2 O-O 5. Nc3 d6 6. Nf3 Nbd7 7. O-O e5 8. e4
exd4 9. Nxd4 Re8 10. Re1 Nc5 11. h3 a5 12. Rb1 a4 13. b4 axb3 14. axb3 Bd7 15.
Ndb5 Qc8 16. Kh2 Re5 17. g4 Nxg4+ 18. hxg4 Bxg4 19. f3 Rh5+ 20. Kg1 Bh3 21. Re2
Bxg2 22. Rxg2 c6 23. Nd4 Qh3 24. Be3 Nd7 25. Nce2 c5 26. Nc2 Ne5 27. Nf4 Qh1+
28. Kf2 Qh4+ 29. Ke2 Rg5 30. Rxg5 Qxg5 31. Ra1 Re8 32. Qg1 Nxf3 33. Kxf3 Qe7 34.
Rc1 Qxe4+ 35. Kf2 Bd4 36. Qg3 Bb2 37. Qf3 Bxc1 38. Qxe4 Rxe4 39. Bxc1 h5 40. Kf3
Re8 41. Nd5 Ra8 42. Bf4 Ra2 43. Nce3 h4 44. Kg4 Kg7 45. Bxd6 f6 46. Kxh4 Kf7 47.
Bxc5 Rb2 48. b4 g5+ 49. Kg4 Rb1 50. Bd4 Rg1+ 51. Kf5 Kg7 52. Bxf6+ Kh6 53. Ng4+
Kh5 54. Nde3 Rb1 55. b5 b6 56. Bd4 Rg1 57. Bxb6 Rg3 58. Bd4 Rf3+ 59. Ke5 1-0

[Event "European Blitz 2015"]
[Site "Minsk BLR"]
[Date "2015.12.18"]
[Round "17.7"]
[White "Bortnyk, Mykola"]
[Black "Chigaev, Maksim"]
[Result "1-0"]
[WhiteTitle "IM"]
[BlackTitle "IM"]
[WhiteElo "2416"]
[BlackElo "2526"]
[WhiteFideId "14120836"]
[BlackFideId "4108116"]
[EventDate "2015.12.18"]
[EventType "swiss (blitz)"]

1. e4 e6 2. d3 d5 3. Nd2 c5 4. g3 Nc6 5. Bg2 Nf6 6. Ngf3 g6 7. O-O Bg7 8. c3 O-O
9. Re1 a5 10. a4 b6 11. Qc2 Ba6 12. exd5 exd5 13. Nf1 h6 14. Bd2 Rc8 15. Rad1
Qd7 16. Bf4 Rfe8 17. Ne5 Nxe5 18. Bxe5 Rcd8 19. d4 Ng4 20. Bxg7 Rxe1 21. Rxe1
Kxg7 22. Bh3 Ne3 23. Nxe3 Qxh3 24. Qb3 Qe6 25. g4 Qd6 26. h3 Bd3 27. Rd1 Be2 28.
Rd2 Bf3 29. c4 dxc4 30. Nxc4 Qf6 31. dxc5 Rxd2 32. Nxd2 Bc6 33. cxb6 Qd6 34.
Qc3+ Kg8 35. Qxa5 Bb7 36. Qc3 Qd5 37. f3 Qd6 38. a5 Qg3+ 39. Kf1 Ba6+ 40. Nc4
Qxh3+ 41. Ke2 Qg2+ 42. Ke3 Qg1+ 43. Kd2 Qf2+ 44. Kd3 Qxf3+ 45. Kd4 Qxg4+ 46. Kc5
Qf5+ 47. Qe5 Qc8+ 48. Qc7 Qf5+ 49. Kb4 Qb5+ 50. Kc3 h5 51. b3 h4 52. Qd8+ Kg7
53. Qxh4 Qf5 54. Qd4+ f6 55. Kb4 g5 56. Nd6 Qe6 57. b7 Bxb7 58. Nxb7 g4 59. Nc5
Qe1+ 60. Qc3 Qxc3+ 61. Kxc3 g3 62. Ne6+ Kg6 63. Nf4+ 1-0

[Event "European Blitz 2015"]
[Site "Minsk BLR"]
[Date "2015.12.18"]
[Round "17.9"]
[White "Ponkratov, Pavel"]
[Black "Landa, Konstantin"]
[Result "1-0"]
[WhiteTitle "GM"]
[BlackTitle "GM"]
[WhiteElo "2604"]
[BlackElo "2625"]
[WhiteFideId "4157800"]
[BlackFideId "4101685"]
[EventDate "2015.12.18"]
[EventType "swiss (blitz)"]

1. c4 e6 2. Nf3 d5 3. g3 Nf6 4. cxd5 exd5 5. Bg2 Be7 6. O-O O-O 7. Qc2 c5 8. d4
Na6 9. dxc5 Nxc5 10. Rd1 Nce4 11. Ng5 Bf5 12. Nxe4 Bxe4 13. Bxe4 Nxe4 14. Be3
Rc8 15. Qb3 Bc5 16. Nd2 Qe7 17. Bxc5 Nxc5 18. Qf3 d4 19. Rac1 b6 20. Kg2 Rfe8
21. Rc4 Rcd8 22. b4 Na4 23. Nb3 Nc3 24. Rdxd4 Rxd4 25. Nxd4 Ne4 26. Nf5 Qe6 27.
Rd4 g6 28. Ne3 Kg7 29. Nd5 f5 30. e3 Qe5 31. Qd1 h5 32. h4 Rf8 33. Nf4 Rf7 34.
Qc2 Kh7 35. Qc6 Nf6 36. a4 Rc7 37. Qa8 Qe7 38. b5 Ne4 39. Qd5 Rc2 40. Nd3 Nf6
41. Qd6 Qxd6 42. Rxd6 Ne4 43. Rd7+ Kh6 44. Rxa7 Rd2 45. Ne5 Rxf2+ 46. Kg1 Re2
47. Nc4 Nxg3 48. Nxb6 g5 49. hxg5+ Kxg5 50. Nd5 h4 51. Rg7+ Kh6 52. Rg8 Kh7 53.
Nf6+ Kh6 54. b6 Rb2 55. a5 Rb5 56. Kf2 Rb2+ 57. Kf3 Nf1 58. Kf4 h3 59. Kxf5 Rf2+
60. Ke6 h2 61. Ng4+ 1-0

[Event "European Blitz 2015"]
[Site "Minsk BLR"]
[Date "2015.12.18"]
[Round "17.10"]
[White "Aleksandrov, Aleksej"]
[Black "Bocharov, Dmitry"]
[Result "1/2-1/2"]
[WhiteTitle "GM"]
[BlackTitle "GM"]
[WhiteElo "2615"]
[BlackElo "2558"]
[WhiteFideId "13500139"]
[BlackFideId "4138716"]
[EventDate "2015.12.18"]
[EventType "swiss (blitz)"]

1. d4 Nf6 2. c4 e6 3. Nc3 Bb4 4. e3 O-O 5. Ne2 Re8 6. a3 Bf8 7. Ng3 d5 8. Be2
dxc4 9. O-O Nbd7 10. Bxc4 c5 11. dxc5 Bxc5 12. b4 Bf8 13. Bb2 a5 14. bxa5 Qxa5
15. Bb5 Rd8 16. Qe2 Nc5 17. e4 Bd7 18. a4 Bxb5 19. axb5 Qb4 20. Rxa8 Rxa8 21. e5
Nfd7 22. Rb1 Nb6 23. Nge4 Nxe4 24. Qxe4 Qxe4 25. Nxe4 Nc4 26. Bd4 Rd8 27. Bc3
Rd5 28. f4 Na3 29. Rb3 Rxb5 30. Rxb5 Nxb5 31. Bb2 Be7 32. Kf2 Kf8 33. Ke3 Ke8
34. Kd3 Kd7 35. Kc4 Kc6 36. g4 g6 37. Nf6 Bxf6 38. exf6 Nd6+ 39. Kd4 b5 40. Ba3
Ne8 41. Ke5 Nc7 42. f5 exf5 43. gxf5 Nd5 44. fxg6 hxg6 45. Bf8 b4 46. Kd4 Nxf6
47. Bxb4 Kd7 48. Be1 Ke6 49. Bg3 Kf5 50. h3 Nh5 51. Bb8 Nf4 52. h4 Ng2 53. h5 1/2-1/2

[Event "European Blitz 2015"]
[Site "Minsk BLR"]
[Date "2015.12.18"]
[Round "17.11"]
[White "Movsesian, Sergei"]
[Black "Shtembuliak, Evgeny"]
[Result "1/2-1/2"]
[WhiteTitle "GM"]
[BlackTitle "FM"]
[WhiteElo "2659"]
[BlackElo "2420"]
[WhiteFideId "310204"]
[BlackFideId "14113325"]
[EventDate "2015.12.18"]
[EventType "swiss (blitz)"]

1. Nf3 Nf6 2. g3 g6 3. Bg2 Bg7 4. O-O O-O 5. c4 d6 6. Nc3 Nc6 7. d3 Nh5 8. Rb1
f5 9. Bd2 a5 10. a3 f4 11. b4 axb4 12. axb4 Bg4 13. e3 fxe3 14. fxe3 Ne5 15. d4
Nxf3+ 16. Bxf3 Rxf3 17. Rxf3 Qd7 18. Qf1 Bxf3 19. Qxf3 c6 20. Rf1 Rf8 21. Qe2
Rxf1+ 22. Qxf1 d5 23. c5 e5 24. Ne2 Nf6 25. Qa1 exd4 26. exd4 Ne4 27. Be3 g5 28.
Qf1 Qe6 29. Qf3 Bf6 30. g4 Kg7 31. Kg2 Kg6 32. h3 h6 33. Bg1 Nd2 34. Qd3+ Qe4+
35. Qxe4+ Nxe4 36. Kf3 h5 37. Bh2 hxg4+ 38. hxg4 Kf7 39. Ke3 Ke6 40. Bc7 Kd7 41.
Bb8 Bd8 42. Be5 Ke6 43. Nc1 Kd7 44. Nd3 Ke6 45. Bh2 Bf6 46. Bb8 Kd7 47. Be5 Bd8
48. Ne1 Ke6 49. Nf3 Nc3 50. Ne1 Ne4 51. Nd3 Nc3 1/2-1/2

[Event "European Blitz 2015"]
[Site "Minsk BLR"]
[Date "2015.12.18"]
[Round "17.12"]
[White "Grishchenko, Sergey1"]
[Black "Grachev, Boris"]
[Result "0-1"]
[WhiteTitle "IM"]
[BlackTitle "GM"]
[WhiteElo "2442"]
[BlackElo "2652"]
[WhiteFideId "4136730"]
[BlackFideId "4129199"]
[EventDate "2015.12.18"]
[EventType "swiss (blitz)"]

1. d4 d5 2. c4 e6 3. Nc3 a6 4. cxd5 exd5 5. Qc2 c6 6. Bf4 Bd6 7. Bg3 Ne7 8. e3
Bf5 9. Qb3 b5 10. Nf3 O-O 11. Be2 a5 12. a4 b4 13. Nb1 Bxg3 14. hxg3 Nd7 15. Nh4
Be6 16. Qc2 Rc8 17. Nf3 h6 18. Ng5 Nf5 19. Nxe6 fxe6 20. g4 Nd6 21. Nd2 c5 22.
Rxh6 Nf6 23. Qg6 Qe8 24. dxc5 Rxc5 25. Nb3 Qxg6 26. Rxg6 Rc2 27. Rb1 Kf7 28. Bd3
Rcc8 29. Nxa5 Nfe4 30. f3 Kxg6 31. fxe4 dxe4 32. Be2 Kg5 33. Rd1 Rfd8 34. Nb3
Nf7 35. Nd4 Re8 36. Bb5 Re7 37. Nc6 Rec7 38. Rd4 Rxc6 39. Bxc6 Rxc6 40. Rxb4 Nd6
41. a5 Rc1+ 42. Kd2 Ra1 43. Rd4 Nb5 44. Rxe4 Rxa5 45. Re5+ Kf6 46. Rc5 Nd6 47.
g5+ Kg6 48. Rc6 Ne4+ 49. Kd3 Nxg5 50. b4 Ra3+ 51. Kd4 Rb3 52. Rb6 Kf6 53. e4 Rb2
54. b5 Rb4+ 55. Kc5 Rb2 56. Kd4 Rxg2 57. Rb8 Rd2+ 58. Kc5 Nxe4+ 59. Kc6 Rc2+ 60.
Kd7 Ke5 61. Rg8 Nf6+ 0-1

[Event "European Blitz 2015"]
[Site "Minsk BLR"]
[Date "2015.12.18"]
[Round "17.13"]
[White "Roiz, Michael"]
[Black "Dzhumagaliev, Yan"]
[Result "1-0"]
[WhiteTitle "GM"]
[BlackTitle "FM"]
[WhiteElo "2594"]
[BlackElo "2400"]
[WhiteFideId "2804158"]
[BlackFideId "24100110"]
[EventDate "2015.12.18"]
[EventType "swiss (blitz)"]

1. Nf3 Nf6 2. c4 e6 3. Nc3 c5 4. g3 b6 5. Bg2 Bb7 6. O-O Be7 7. d4 cxd4 8. Qxd4
Nc6 9. Qf4 a6 10. Rd1 Qb8 11. Qxb8+ Rxb8 12. Bf4 Rc8 13. Rac1 Nh5 14. Be3 Na5
15. b3 Ba3 16. Bxb6 Bxc1 17. Rxc1 Nc6 18. Ne4 O-O 19. Nd6 Ra8 20. Ne5 Nxe5 21.
Bxb7 Nf6 22. Bxa8 Rxa8 23. Rd1 Nc6 24. f3 a5 25. Bc5 Rb8 26. Kf2 h5 27. h3 g5
28. g4 Kg7 29. Be3 Kg6 30. gxh5+ Nxh5 31. Rg1 f6 32. h4 a4 33. hxg5 f5 34. Rb1
axb3 35. axb3 Ra8 36. b4 Ra2 37. b5 f4 38. bxc6 fxe3+ 39. Kxe3 dxc6 40. Rb6 Ra3+
41. Kf2 Kxg5 42. Rxc6 Nf4 43. Ne4+ Kf5 44. Rc5+ e5 45. Rc6 Ne6 46. c5 Ra2 47.
Ke1 Ra1+ 48. Kd2 Ra2+ 49. Kd3 Nf4+ 50. Kc4 Ne6 51. Rd6 Rxe2 52. Ng3+ 1-0

[Event "European Blitz 2015"]
[Site "Minsk BLR"]
[Date "2015.12.18"]
[Round "17.14"]
[White "Popov, Valerij"]
[Black "Zakhartsov, Vladimir"]
[Result "0-1"]
[WhiteTitle "GM"]
[BlackTitle "IM"]
[WhiteElo "2528"]
[BlackElo "2462"]
[WhiteFideId "4119410"]
[BlackFideId "4145097"]
[EventDate "2015.12.18"]
[EventType "swiss (blitz)"]

1. Nf3 c5 2. c4 g6 3. d4 cxd4 4. Nxd4 Bg7 5. e4 Nc6 6. Be3 d6 7. Nc3 Nf6 8. Be2
O-O 9. O-O Nxd4 10. Bxd4 Bd7 11. b4 Rc8 12. Rc1 Be6 13. Nd5 Bxd5 14. exd5 a5 15.
a3 Nd7 16. Bxg7 Kxg7 17. c5 axb4 18. axb4 dxc5 19. bxc5 Nf6 20. Bf3 b6 21. c6
Qc7 22. Rb1 Rfd8 23. Rb5 Ne8 24. Qb3 Rb8 25. Rb1 Qd6 26. Rxb6 Rxb6 27. Qxb6 Nc7
28. Qb2+ Kg8 29. Rd1 e6 30. h4 exd5 31. Rc1 h5 32. Qd4 Ne6 33. Qf6 Nc7 34. Qg5
d4 35. Bxh5 Ne6 36. Qg4 Kh7 37. Re1 gxh5 38. Qxh5+ Kg7 39. Re4 Qd5 40. Rg4+ Kf8
41. Qh6+ Ke7 42. f4 d3 43. c7 Nxc7 44. f5 d2 45. f6+ Kd7 0-1

[Event "European Blitz 2015"]
[Site "Minsk BLR"]
[Date "2015.12.18"]
[Round "17.15"]
[White "Stupak, Kirill"]
[Black "Kovalenko, Igor"]
[Result "0-1"]
[WhiteTitle "GM"]
[BlackTitle "GM"]
[WhiteElo "2542"]
[BlackElo "2680"]
[WhiteFideId "13503758"]
[BlackFideId "14117908"]
[EventDate "2015.12.18"]
[EventType "swiss (blitz)"]

1. d4 Nf6 2. g3 g6 3. Bg2 Bg7 4. e4 O-O 5. Nc3 c5 6. dxc5 Na6 7. Be3 Rb8 8. e5
Ne8 9. f4 b6 10. cxb6 axb6 11. Nge2 Bb7 12. Bxb7 Rxb7 13. O-O d6 14. Ne4 Rd7 15.
Qd3 Nc5 16. Nxc5 bxc5 17. Rfd1 Qb6 18. Qb3 Qc6 19. Qd5 Qxd5 20. Rxd5 Rb7 21. Rb1
Nc7 22. Rdd1 dxe5 23. Bxc5 Ne6 24. Ba3 exf4 25. gxf4 Rc8 26. c3 Bh6 27. Rf1 f5
28. Rbd1 Kf7 29. Kg2 Rc4 30. Kg3 Ra4 31. Rd5 Bg7 32. Rfd1 Re4 33. Kf3 Bh6 34.
Rd7 Rxd7 35. Rxd7 Nxf4 36. Nd4 Ke8 37. Rb7 Nd5 38. Bc5 g5 39. c4 g4+ 40. Kg2
Ne3+ 41. Kf2 Nxc4 42. b3 Be3+ 43. Kf1 Bxd4 44. Bxd4 Nd2+ 0-1